ownership, Leadership and transformation (Record no. 8824)

MARC details
000 -LEADER
fixed length control field 00643nam a22002057a 4500
003 - CONTROL NUMBER IDENTIFIER
control field OSt
005 - DATE AND TIME OF LATEST TRANSACTION
control field 20240625131248.0
008 - FIXED-LENGTH DATA ELEMENTS--GENERAL INFORMATION
fixed length control field 240625b |||||||| |||| 00| 0 eng d
020 ## - INTERNATIONAL STANDARD BOOK NUMBER
International Standard Book Number 1844070581
040 ## - CATALOGING SOURCE
Transcribing agency MUST
082 ## - DEWEY DECIMAL CLASSIFICATION NUMBER
Classification number 338 LOP 2003
100 ## - MAIN ENTRY--PERSONAL NAME
Relator code Lopes, Carlos
245 ## - TITLE STATEMENT
Title ownership, Leadership and transformation
Remainder of title : can we do better for capacity development
260 ## - PUBLICATION, DISTRIBUTION, ETC. (IMPRINT)
Place of publication, distribution, etc. Newyork
Name of publisher, distributor, etc. : Earthscan publication
Date of publication, distribution, etc. , 2003
300 ## - PHYSICAL DESCRIPTION
Extent xvi,354p
Other physical details : ill
Dimensions ; 25 cm
504 ## - BIBLIOGRAPHY, ETC. NOTE
Bibliography, etc includes index
650 ## - SUBJECT ADDED ENTRY--TOPICAL TERM
Source of heading or term industry capacity- Developing countries
650 ## - SUBJECT ADDED ENTRY--TOPICAL TERM
Source of heading or term Economic development projects - developing countries
942 ## - ADDED ENTRY ELEMENTS (KOHA)
Source of classification or shelving scheme Dewey Decimal Classification
Koha item type Open Shelf
Holdings
Withdrawn status Lost status Source of classification or shelving scheme Damaged status Not for loan Home library Current library Date acquired Source of acquisition Inventory number Total Checkouts Full call number Barcode Date last seen Price effective from Koha item type
    Dewey Decimal Classification     MUST Main Library MUST Main Library 25/06/2024 Donation 11/35344   338 LOP 2003 2024-21288 25/06/2024 25/06/2024 Open Shelf